000 00712nam a2200193Ia 4500
003 GCL
008 140319s9999 xx 000 0 ara d
040 _aGCL /
_cGCL
082 0 4 _a614.44
_bخ م
100 1 _aخالد عبداللطيف التركى
245 1 0 _aالماكروبيوتك للعلاج والوقاية من السرطان /
_cخالد عبداللطيف التركى
250 _aالثانية
260 _aالقاهرة :
_bدار الكتاب الحديث ،
_c2002
300 _a176 ص ؛
_c24 سم
650 0 4 _aالسرطان - العلاج بالاشعة
650 0 4 _aالسرطان - العلاج الكيميائى
650 0 4 _aالسرطان - وقاية
942 _2ddc
_cBK
999 _c5289
_d5289